El amante / (Registro nro. 6398)

Detalles MARC
000 -LEADER
fixed length control field 01712nam a22002777a 4500
003 - CONTROL NUMBER IDENTIFIER
control field OSt
005 - DATE AND TIME OF LATEST TRANSACTION
control field 20250414113617.0
008 - FIXED-LENGTH DATA ELEMENTS--GENERAL INFORMATION
fixed length control field 200123t2004 ck ||||er|||| 00| f spa d
020 ## - INTERNATIONAL STANDARD BOOK NUMBER
International Standard Book Number 9587060849
020 ## - INTERNATIONAL STANDARD BOOK NUMBER
International Standard Book Number 9587060733
Qualifying information (colección)
040 ## - CATALOGING SOURCE
Original cataloging agency CO-JMCR
Transcribing agency CO-JMCR
041 1# - LANGUAGE CODE
Language code of text/sound track or separate title spa
Language code of original fre
082 ## - DEWEY DECIMAL CLASSIFICATION NUMBER
Classification number A-N
Item number DURa
100 1# - MAIN ENTRY--PERSONAL NAME
Personal name Duras, Marguerite
Relator term autora
9 (RLIN) 27
245 13 - TITLE STATEMENT
Title El amante /
Statement of responsibility, etc. Marguerite Duras ; traducción, Ana María Moix
260 ## - PUBLICATION, DISTRIBUTION, ETC.
Place of publication, distribution, etc. Bogotá :
Name of publisher, distributor, etc. El Tiempo,
Date of publication, distribution, etc. ©2004
300 ## - PHYSICAL DESCRIPTION
Extent 151 páginas ;
Dimensions 21 cm.
490 0# - SERIES STATEMENT
Series statement Biblioteca El Tiempo
Volume/sequential designation 10
500 ## - GENERAL NOTE
General note Título original: L'amant
520 ## - SUMMARY, ETC.
Summary, etc. Marguerite duras ha logrado en esta historia un erotismo cargado de distancia y pasión, pleno de intimidad y marcado por la ausencia, rebosante de entrega y egoísmo. El amante es una visión femenina de la extraña relación de una quinceañera de origen francés con un hombre chino de 26 años que nos es descrito por la mujer en un tono nostálgico pero despiadado. Es, también, una indirecta afirmación de la titánica lucha de los opuestos, de la imposible batalla que libramos día a día contra la soledad y el aburrimiento. Este libro es ya un clásico del erotismo, y si bien sus detractores son tan apasionados como sus múltiples defensores, existe un punto que contacta a unos y otros: en esta obra la vida y el tiempo han sido capturados por la piel, en cuyo espacio el amor taladra cicatrices eternas que nos confirman que por nuestra existencia han deambulado fantasmas tan amados como odiados.
546 ## - LANGUAGE NOTE
Language note Traducido del francés
650 14 - SUBJECT ADDED ENTRY--TOPICAL TERM
Topical term or geographic name entry element Novela francesa
9 (RLIN) 28
650 14 - SUBJECT ADDED ENTRY--TOPICAL TERM
Topical term or geographic name entry element Novela erótica
9 (RLIN) 29
700 1# - ADDED ENTRY--PERSONAL NAME
Personal name Moix, Ana María,
Relator term traductora
9 (RLIN) 30
942 ## - ADDED ENTRY ELEMENTS (KOHA)
Source of classification or shelving scheme Dewey Decimal Classification
Koha item type Books
Existencias
Withdrawn status Lost status Source of classification or shelving scheme Damaged status Not for loan Collection code Home library Current library Date acquired Source of acquisition Total Checkouts Total Renewals Full call number Barcode Date last seen Date last checked out Copy number Price effective from Koha item type
    Dewey Decimal Classification     Fiction Biblioteca Pública José María del Castillo y Rada Biblioteca Pública José María del Castillo y Rada 01/23/2020 Donación 3 4 A-N DURa 201809535 06/12/2024 05/29/2024 Ej.1 01/23/2020 Books